000 02635nam a2200301 a 4500
001 BRCA_2580
005 20190320203856.0
008 271108s1876----sp-#---###---#000-0dspa-u
041 _aspa
044 _asp
084 _a174
_b.R64
_c1876
100 1 _aCervantes Saavedra, Miguel de
_d1547-1616
_9213
245 1 0 _aEl Ingenioso Hidalgo Don Quijote de la Mancha
_cpor Miguel de Cervantes Saavedra.
260 _aCádiz (España)
_bJosé Rodríguez y Rodríguez
_c1876
300 _a5 v.
_c21 cm.
500 _aContenido : v 1. Vida de Miguel de Cervantes Saavedra por Ramón León Mainez. -- v 2. Primera parte. Advertencia de Máinez. Dedicatoria del autor. Prólogo del autor. Versos preliminares, comentario y notas, apéndices y mapa del Campo de Montiel en 1575. Texto. -- v 3. Texto. Notas y apéndices. v 4. Segunda parte. Prólogo del autor. Apéndices. Texto. -- v 5. Texto
500 _aEdición : Dirigido al Duque de Bejar. Impreso por primera vez en Madrid por Juan de la Cuesta el año de 1605, y ahora de nuevo publicado por vez primera en Cádiz por José Rodríguez y Rodríguez, bajo la dirección de Ramón León Máinez, Director de la Crónica de los Cervantistas
500 _aEn esta edición, el entusiasta y renombrado cervantista, León Máinez, restableció casi íntegro el texto de la edición príncipe e hizo un detenido estudio del Quijote, pero tomó en cuenta las enmiendas de la tercera de Cuesta (1608), varias de las cuales son arbitrarias. Su valor consiste, además, en haber restituido los títulos de ambas partes, que en su primera edición rezan como sigue: El Ingenioso Hidalgo..., la primera parte, y El Ingenioso Caballero..., la segunda parte. Por último, realza la calidad de esta edición la notable biografía de Cervantes, escrita por el Sr. Máinez, así como los eruditos comentarios y notas del mismo, los cuales no se refieren sólo al lenguaje, estilo y minucias literarias e históricas, sino también al contenido, intención y mensaje de la magna novela. Sus juicios son en muchos aspectos de la obra acertados, objetivos y justos. La parte tipográfica es más bien mala. Semipiel; lomeras con filetes dorados Lúdovik Osterc
500 _aQM168
650 1 4 _aNovela española
_yÉpoca clásica, 1500-1700
_9215
650 1 4 _aLiteratura española
_yÉpoca clásica, 1500-1700
_9216
650 1 4 _aNovela española
_ySiglo XVII
_9217
650 1 4 _aDon Quijote (Personaje ficticio)
_eNovela
_9218
700 1 _aMáinez Fernández, Ramón León
_d1847-1917
_eBiógrafo
_97373
740 0 _aEl Ingenioso Hidalgo Don Quijote de la Mancha
902 _aQFM
942 _2lcc
_cB
999 _c2320
_d2320